000 00489nam a22002057a 4500
003 UA-OsUOA
001 10531
007 ta
008 20050131b un ||||| |||| 00| 0 ukr d
100 _aФедюк Тарас
942 _cSA
040 _aUA-OsUOA
_bukr
_cUA-OsUOA
_dUA-OsUOA
245 _aОбличчя пустелі
300 _aС.5-11
955 _a0
041 _aukr
044 _aUA
773 0 _w0
_tСучасність
_dКиїв
_d2005
_g№1
650 7 _aВірші
_2UDC
999 _c296692
_d296692